000 00593nam a2200229Ia 4500
003 OSt
005 20220924142455.0
006 a|||||r|||| 00| 0
007 ta
008 220923b |||||||| |||| 00| 0 ben d
024 _a302110
037 _cTextual
040 _aARTS
_cARTS
_bben
041 _2ben
_aben
082 _aY:351.275, 157P7
100 _aChattopadhyay Sibaprasad
_9213449
245 0 _aLokayata paschimradha
260 _c2007
650 _aSOCIOLOGY
942 _hY:351.275, 157P7
_cTEXL
_2CC
999 _c450872
_d450872